Qāfilah-yi Ḥijāz / (Record no. 523511)
[ view plain ]
| 000 -LEADER | |
|---|---|
| fixed length control field | 00930cam a2200301 a 4500 |
| 001 - CONTROL NUMBER | |
| control field | 9489143 |
| 003 - CONTROL NUMBER IDENTIFIER | |
| control field | NUST |
| 005 - DATE AND TIME OF LATEST TRANSACTION | |
| control field | 20190327063603.0 |
| 008 - FIXED-LENGTH DATA ELEMENTS--GENERAL INFORMATION | |
| fixed length control field | 890227s1969 pk 000 1 urdo |
| 010 ## - LIBRARY OF CONGRESS CONTROL NUMBER | |
| LC control number | 74930450 |
| 035 ## - SYSTEM CONTROL NUMBER | |
| System control number | (OCoLC)23538238 |
| 038 ## - RECORD CONTENT LICENSOR | |
| Staff Name | Arshad |
| 040 ## - CATALOGING SOURCE | |
| Original cataloging agency | DLC |
| Transcribing agency | DLC |
| 050 00 - LIBRARY OF CONGRESS CALL NUMBER | |
| Classification number | PK2200.N36115 |
| Item number | Q26 1969 |
| 082 ## - DEWEY DECIMAL CLASSIFICATION NUMBER | |
| Classification number | 891.4393 |
| Author Mark | HIJ |
| 100 0# - MAIN ENTRY--PERSONAL NAME | |
| Personal name | Nasīm Ḥijāzī, |
| Dates associated with a name | 1914-1996. |
| 9 (RLIN) | 1008 |
| 245 10 - TITLE STATEMENT | |
| Title | Qāfilah-yi Ḥijāz / |
| Statement of responsibility, etc. | Nasīm Ḥijāzī. |
| 260 ## - PUBLICATION, DISTRIBUTION, ETC. | |
| Place of publication, distribution, etc. | Lāhaur : |
| Name of publisher, distributor, etc. | Ishāʻat Manzil, |
| Date of publication, distribution, etc. | 1969. |
| 300 ## - PHYSICAL DESCRIPTION | |
| Extent | 616 p. ; |
| Dimensions | 22 cm. |
| 500 ## - GENERAL NOTE | |
| General note | Novel. |
| 546 ## - LANGUAGE NOTE | |
| Language note | In Urdu. |
| 880 ## - ALTERNATE GRAPHIC REPRESENTATION | |
| Linkage | 100-01\r |
| Title | نسیم حجازی |
| 880 ## - ALTERNATE GRAPHIC REPRESENTATION | |
| Linkage | 245-02\r |
| Title | قافلہ حجاز |
| b | نسیم حجازی |
| 880 ## - ALTERNATE GRAPHIC REPRESENTATION | |
| Linkage | 260-03\r |
| Title | لاہور: |
| b | اشاعت منزل، |
| c | 1969 |
| 906 ## - LOCAL DATA ELEMENT F, LDF (RLIN) | |
| a | 7 |
| b | cbc |
| c | premver |
| d | 1 |
| e | ncip |
| f | 19 |
| g | y-gencatlg |
| 942 ## - ADDED ENTRY ELEMENTS (KOHA) | |
| Source of classification or shelving scheme | |
| Koha item type | Book |
| Withdrawn status | Lost status | Source of classification or shelving scheme | Damaged status | Not for loan | Permanent Location | Current Location | Shelving location | Date acquired | Shelving control number | Total Checkouts | Total Renewals | Full call number | Barcode | Date last seen | Date last checked out | Copy number | Price effective from | Koha item type |
|---|---|---|---|---|---|---|---|---|---|---|---|---|---|---|---|---|---|---|
| Central Library (CL) | Central Library (CL) | Urdu Literature | 03/27/2019 | Urdu Literature | 10 | 2 | 891.4393 HIJ | CL2227 | 10/16/2025 | 09/08/2025 | 1 | 03/27/2019 | Book |
